000 00316nam a22001337a 4500
020 _a962-258-267-2
082 _a828
_bBAR/D
100 _aBARONE, DON
245 _aTHE DOCTORS BOOK OF HOME REMEDIES
260 _aHONG KONG
_bPRASONS WALTON PRESS
_c2002
300 _a676
650 _aHEALTH CARE
_zINDIA
942 _cBK
999 _c1769
_d1769